Willkommen - Cabaret 1972 (lyrics) - Statistics

General Stats
  • This quiz has been taken 55 times
  • The average score is 107 of 167
Answer Stats
Answer % Correct
willkommen
100%
welcome
98%
stranger
95%
stranger!)
95%
to
95%
a
93%
bienvenue
93%
happy
93%
i
93%
see
93%
you
93%
ça
88%
cabaret
86%
cabaret!
86%
et
86%
je
86%
suis
86%
au
79%
fremde
79%
stay
79%
enchanté
77%
(enchanté,
77%
gentlemen
74%
ladies
74%
reste
74%
the
70%
étranger
67%
your
67%
im
65%
is
65%
me?
65%
zu
65%
in
63%
and
60%
here
60%
am
58%
beautiful
58%
even
58%
girls
58%
host!
58%
orchestra
58%
und
58%
bleibe
56%
do
56%
glücklich
56%
are
53%
go
53%
sehen
53%
troubles
53%
feel
51%
good?
51%
leave
51%
meine
51%
outside
51%
va?
51%
it!
49%
it
49%
life
49%
so
49%
bin
47%
damen
47%
for
47%
herren
44%
madame!)
44%
comment
42%
forget
42%
mesdames
42%
disappointing?
40%
ich
37%
now
37%
messieurs
35%
sage
33%
each
30%
every
28%
my
28%
don't
26%
euer
26%
helga
26%
not
26%
one
26%
presenting
26%
ask
23%
virgin
23%
ahead
21%
believe
21%
sagen
21%
take
21%
well
21%
word
21%
conférencier
19%
heidi
12%
(hallo
9%
inge
9%
mouzie
9%
wir
9%
betty
7%
christina
7%
No matching quizzes found
Score Distribution
Percent of People with Each Score
Percentile by Number Answered
Your Score History
You have not taken this quiz